000 00510 a2200169 4500
001 132134
003 OSt
005 20211011171205.0
008
082 _a823.8
_bD55O
100 1 _aDickens, Charles
245 1 _aOliver twist
_cby Charles Dickens
260 _aNew York
_bW.W. Northan
_c2010
300 _a611p.
690 _aOrphans; England--London; Criminals; England; Kidnapping victims; Identity (Psychology); Manners and customs; Pickpockets
942 _2ddc
_cBK
999 _c6516
_d6516